00258nam a2200109Ia 4500008004100000040000800041082001700049100002400066245003800090260000900128264001100137231129s1980||||xx |||||||||||||| ||spa|| bspa a923.58 S238e aSanudo Jose Rafael 0aEstudios sobre la vida de Bolivar c1980 aBedout